00625nam a22002057a 4500003000500000005001700005008004100022010000900063011000900072035000900081040000900090100002100099245004200120260009000162300001800252490004000270650004000310650002900350830004000379CHAP20220329133458.0971013s1992 r 00010 d a6847 a7819 a7044 cCHAP00aSubrahmanyam, P. aField diagnosis of groundnut diseases aPatancheru :bInternational Crops Research Institute for the Semi Arid Tropics,c1992 a79 p.b: ilus aICRISAT. Information bulletinv; 3614aCacahuatexEnfermedades por hongos.14aCacahuatexEnfermedades.0 aICRISAT. Information bulletinv; 36